Journal of cultural studies: images of africa in africa (Record no. 38382)
[ view plain ]
| 000 -LEADER | |
|---|---|
| fixed length control field | 00670nam a2200169Ia 4500 |
| 022 ## - INTERNATIONAL STANDARD SERIAL NUMBER | |
| ISSN | 15950956 |
| 050 ## - CALL MARK | |
| Classification number | HM 101 .S37/ |
| 245 #0 - TITLE STATEMENT | |
| Title | Journal of cultural studies: images of africa in africa |
| 260 ## - PUBLICATION, DISTRIBUTION, ETC. (IMPRINT) | |
| Place of publication | Lagos |
| 260 ## - PUBLICATION, DISTRIBUTION, ETC. (IMPRINT) | |
| Name of publisher | African Cultural Initiatives |
| 260 ## - PUBLICATION, DISTRIBUTION, ETC. (IMPRINT) | |
| Year of publication | 2004 |
| 300 ## - PHYSICAL DESCRIPTION | |
| Number of Pages | x, 171 p. ; 22 cm. |
| 650 ## - SUBJECT ADDED ENTRY--TOPICAL TERM | |
| Topical Term | Culture--Study and teaching. Political culture--Africa--Periodicals. Ethnicity--Africa--Periodicals. Africa--Politics and government--1960---Periodicals. Africa--Civilization--Periodicals. Africa--Ethnic relations--Political aspects--Periodicals. |
| 942 ## - ADDED ENTRY ELEMENTS (KOHA) | |
| Koha item type | Serials |
No items available.